书目信息 |
| 题名: |
申论真题100套
|
|
| 作者: | ;粉笔公考 编著 | |
| 分册: | 第二册 | |
| 出版信息: | 北京 电子工业出版社 2019.9 |
|
| 页数: | 362页 | |
| 开本: | 26cm | |
| 丛书名: | ||
| 单 册: | ||
| 中图分类: | D630.3-44 , D630.3 | |
| 科图分类: | ||
| 主题词: | 公务员--gong wu yuan--招聘--考试--中国--习题集 | |
| 电子资源: | ||
| ISBN: | 978-7-121-37358-9 | |
| 000 | 00980nam0 2200241 450 | |
| 001 | 2156206418 | |
| 005 | 20211012155354.91 | |
| 010 | @a978-7-121-37358-9@dCNY47.00(全4册188.00) | |
| 100 | @a20190914d2019 em y0chiy0110 ea | |
| 101 | 0 | @achi |
| 102 | @aCN@b110000 | |
| 105 | @ay z 000yy | |
| 106 | @ar | |
| 200 | 1 | @a申论真题100套@Ashen lun zhen ti 100tao@h第二册@f粉笔公考编著 |
| 210 | @a北京@c电子工业出版社@d2019.9 | |
| 215 | @a362页@d26cm | |
| 330 | @a本书共4册。第一册、第二册主要内容包括2015~2019公务员考试多省联考申论科目27套真题试卷。第三册、第四册为27套真题对应的答案和详细答题演示过程。本书打破杂乱无章的常规解析过程,采用“审题—阅读资料提取要点或观点—整理要点得出答案或文章架构”的规整答题演练模式,教会考生如何解答申论题。 | |
| 606 | 0 | @a公务员@Agong wu yuan@x招聘@x考试@y中国@j习题集 |
| 690 | @aD630.3-44@v5 | |
| 690 | @aD630.3@v3 | |
| 711 | 02 | @a粉笔公考@Afen bi gong kao@4编著 |
| 801 | 0 | @aCN@b百万庄@c20211005 |
| 905 | @b1304102-05@dD630.3@e416:2@f4 | |
| 申论真题100套.第二册/粉笔公考编著.-北京:电子工业出版社,2019.9 |
| 362页;26cm |
| ISBN 978-7-121-37358-9:CNY47.00(全4册188.00) |
| 本书共4册。第一册、第二册主要内容包括2015~2019公务员考试多省联考申论科目27套真题试卷。第三册、第四册为27套真题对应的答案和详细答题演示过程。本书打破杂乱无章的常规解析过程,采用“审题—阅读资料提取要点或观点—整理要点得出答案或文章架构”的规整答题演练模式,教会考生如何解答申论题。 |
| ● |
| 相关链接 |
|
|
|
|
正题名:申论真题100套
索取号:D630.3/416:2
 
预约/预借
| 序号 | 登录号 | 条形码 | 馆藏地/架位号 | 状态 | 备注 |
| 1 | 1304102 | 213041028 | 第一样本阅览室/ [索取号:D630.3/416:2] | 在馆 | |
| 2 | 1304103 | 213041037 | 第一借阅区/ [索取号:D630.3/416:2] | 在馆 | |
| 3 | 1304104 | 213041046 | 第一借阅区/ [索取号:D630.3/416:2] | 在馆 | |
| 4 | 1304105 | 213041055 | 第一借阅区/ [索取号:D630.3/416:2] | 在馆 |